000 00322nam a2200121Ia 4500
999 _c2930
_d2930
008 200302s9999 xx 000 0 und d
100 _aLisa Lwamoto
245 _aDigital fabrications: Architectural and material techniques
260 _bPrinceton Architectural Press
260 _c2009
300 _a143 P.,
942 _2ddc